书目信息 |
| 题名: |
微型计算机绘图软件操作方法及技巧
|
|
| 作者: | 毛先成 编著 | |
| 分册: | ||
| 出版信息: | 长沙 中南工业大学出版社 1997.03 |
|
| 页数: | 176页 | |
| 开本: | 16开 | |
| 丛书名: | ||
| 单 册: | ||
| 中图分类: | TP391.72 | |
| 科图分类: | ||
| 主题词: | 计算机应用 | |
| 电子资源: | ||
| ISBN: | 7-81020-977-9 | |
| 000 | 00624nam0 2200193 45 | |
| 001 | 0007241673 | |
| 005 | 20000724165222.7 | |
| 010 | @a7-81020-977-9@d13.00元 | |
| 100 | @a20000724d1997 km y0chiy0120 ea | |
| 101 | 0 | @achi |
| 105 | @a z 000yy | |
| 200 | 1 | @a微型计算机绘图软件操作方法及技巧@AWei Xing Ji Suan Ji Hui Tu Ruan Jian Cao Zuo Fang Fa Ji Ji Qiao@f毛先成等编著@FMao Xian Cheng Deng Bian Zhu |
| 210 | @a长沙@c中南工业大学出版社@d1997.03 | |
| 215 | @a176页@d16开 | |
| 606 | 0 | @a计算机应用 |
| 690 | @aTP391.72@v3 | |
| 701 | 0 | @a毛先成@4编著 |
| 801 | @aCN@bPftUser@c20000724 | |
| 905 | @b76912-921@dTP391.72@eM126@f10 | |
| 微型计算机绘图软件操作方法及技巧/毛先成等编著.-长沙:中南工业大学出版社,1997.03 |
| 176页;16开 |
| ISBN 7-81020-977-9:13.00元 |
| ● |
| 相关链接 |
|
|
|
正题名:微型计算机绘图软件操作方法及技巧
索取号:TP391.72/M126
 
预约/预借
| 序号 | 登录号 | 条形码 | 馆藏地/架位号 | 状态 | 备注 |
| 1 | 76912 | 200769123 | 自科二线504/504自科库 3排3列2层/ [索取号:TP391.72/M126] | 在馆 | |
| 2 | 76913 | 200769132 | 自科二线504/504自科库 3排3列2层/ [索取号:TP391.72/M126] | 在馆 | |
| 3 | 76914 | 200769141 | 自科二线504/504自科库 5排1列4层/ [索取号:TP391.72/M126] | 在馆 | |
| 4 | 76915 | 200769150 | 自科二线504/504自科库 3排3列2层/ [索取号:TP391.72/M126] | 在馆 | |
| 5 | 76916 | 200769169 | 自科二线504/504自科库 5排1列4层/ [索取号:TP391.72/M126] | 在馆 | |
| 6 | 76917 | 200769178 | 自科二线504/504自科库 3排3列2层/ [索取号:TP391.72/M126] | 在馆 | |
| 7 | 76918 | 200769187 | 自科二线400A/400A自科库 3排2列4层/ [索取号:TP391.72/M126] | 在馆 | |
| 8 | 76919 | 200769196 | 自科二线504/504自科库 3排3列2层/ [索取号:TP391.72/M126] | 在馆 | |
| 9 | 76920 | 200769203 | 自科二线504/504自科库 3排3列2层/ [索取号:TP391.72/M126] | 在馆 | |
| 10 | 76921 | 200769212 | 自科二线504/504自科库 3排3列2层/ [索取号:TP391.72/M126] | 在馆 |